Chemical principles

Bibliographic Details
Main Authors: Masterton, William L, Slowinski, Emil J.
Format: Section = Libro
Language:Undetermined
Spanish
Published: London Saunders Company 1977
Edition:4a. ed.
Subjects:
LEADER 00537nam a2200217Ia 4500
008 240830s9999 xx 000 0 und d
020 |a 0-7216-6170-X 
040 |a CEDOC FIQ-RUSB / 540 M423 
041 |a spa 
082 |a 540 M423 
100 1 |a Masterton, William L 
100 1 |b Slowinski, Emil J. 
245 1 0 |a Chemical principles 
250 |a 4a. ed. 
260 |a London  |b Saunders Company  |c 1977 
300 |a 688 p.: il. 
650 7 |a QUÍMICA GENERAL 
650 7 |b  TERMOQUÍMICA 
942 |c BK  |2 ddc 
991 |a TEXTO 
999 |c 13881